| 000 | 00490nam a2200157 i 4500 | ||
|---|---|---|---|
| 001 | 88601 | ||
| 003 | ES-MaACL | ||
| 005 | 20230906175905.0 | ||
| 007 | t| | ||
| 008 | 050105s1999 sp ||||1| spa d | ||
| 100 | 1 |
_aLamy, Louis. _969879 |
|
| 245 | 1 | 3 |
_aLa Gymnastique respiratoire et la Gymnastique orthopèdique chez soi / _cpar Louis Lamy. |
| 260 |
_aParis : _bJ.B. Baillière, _c1923 ( _eCoulommiers : _fE. Dessaint) |
||
| 300 |
_a128 p. : _bil. ; _c19 cm. |
||
| 852 |
_aES-MaACL _jB-11658 |
||
| 999 |
_c88601 _d88601 |
||